000 00347nam a2200157Ia 4500
008 221030s9999 xx 000 0 und d
020 _a8176566330
041 _aEnglish
082 _a105.23
_bKan
100 _aY. Kanetkar
245 0 _aExploring C
260 _bBPB Pub
_aNew Delhi
_c2002
300 _a513
650 _aComputers
942 _cBK
999 _c1430
_d1430